Statistics for States Further North Than Canada

Click here to take the quiz!

General Stats

  • This quiz has been taken 132 times
  • The average score is 20 of 27

Answer Stats

State% Correct
Alaska
87%
Maine
86%
New York
86%
Washington
85%
Michigan
84%
North Dakota
83%
Montana
81%
Idaho
80%
Vermont
80%
Minnesota
78%
New Hampshire
78%
Ohio
77%
Oregon
77%
Rhode Island
75%
South Dakota
75%
Illinois
74%
Indiana
72%
Massachusetts
72%
Pennsylvania
72%
Wyoming
72%
Iowa
71%
Wisconsin
71%
Connecticut
70%
California
59%
Nebraska
54%
Nevada
50%
Utah
47%

Score Distribution

Percentile by Number Answered

Percent of People with Each Score

Your Score History

You have not taken this quiz